00458nam a2200157Ia 4500008004100000020001500041082001600056100002100072245003200093250000800125260004600133300003100179500001900210600002100229650005000250240925s9999 xx 000 0 und d a8131707571 a005.437 HAR aHart ,Johnson M. 0aWindows System Programming  a3rd aNew Delhi:bPearson Printice Hallc,2007. axviii,475p.bNAfPhotocopy aIncludes Index aComputer Science aComputer science, information & general works